000 00189 a2200097 4500
001 126847
040 _cEscola Canadense de Niteroi
090 _aMP
245 1 0 _aAction words
942 _cMATP
999 _c126847
_d126847